মঙ্গলকাব্যে বাংলার মধ্যযুগীয় সমাজ / (Record no. 77713)
[ view plain ]
| 000 -LEADER | |
|---|---|
| fixed length control field | 01698nam a2200277 a 4500 |
| 001 - CONTROL NUMBER | |
| control field | 77713 |
| 003 - CONTROL NUMBER IDENTIFIER | |
| rucl marc code | BD-RjUL |
| 005 - DATE AND TIME OF LATEST TRANSACTION | |
| control field | 20211209083020.0 |
| 008 - FIXED-LENGTH DATA ELEMENTS--GENERAL INFORMATION | |
| fixed length control field | 201231b1989 bg a|||| m||| 00| 0 ben d |
| 035 ## - SYSTEM CONTROL NUMBER | |
| System control number | (BD-RjUL)77939 |
| 040 ## - CATALOGING SOURCE | |
| Original cataloging agency | BD-RjUL |
| Language of cataloging | ben /eng |
| Transcribing agency | BD-RjUL |
| 041 ## - LANGUAGE CODE | |
| Language code of text/sound track or separate title | ben |
| 082 ## - DEWEY DECIMAL CLASSIFICATION NUMBER | |
| Classification number | 954.14 |
| Author mark and year | KHM 1989 |
| Edition number | 23 |
| 100 ## - MAIN ENTRY--PERSONAL NAME | |
| Personal name | খাতুন, মাহমুদা |
| 9 (RLIN) | 243103 |
| 245 10 - TITLE STATEMENT | |
| Title | মঙ্গলকাব্যে বাংলার মধ্যযুগীয় সমাজ / |
| Statement of responsibility, etc. | মাহমুদা খাতুন ; |
| Linkage | গবেষণা তত্বাবধায়ক: শাহানারা হোসেন |
| 260 ## - PUBLICATION, DISTRIBUTION, ETC. (IMPRINT) | |
| Place of publication, distribution, etc. | রাজশাহী: |
| Name of publisher, distributor, etc. | ইতিহাস বিভাগ , রাজশাহী বিশ্ববিদ্যালয় , |
| Date of publication, distribution, etc. | ১৯৮৯ |
| 300 ## - PHYSICAL DESCRIPTION | |
| Pagination | [৮], ২৩৮ পাতা : |
| Size | ২৯ সেমি. |
| 502 ## - DISSERTATION NOTE | |
| Dissertation note | থিসিস (এম. ফিল ) -- ইতিহাস বিভাগ , রাজশাহী বিশ্ববিদ্যালয় ১৯৮৯. |
| 504 ## - BIBLIOGRAPHY, ETC. NOTE | |
| Bibliography, etc | গ্রন্থপঞ্জি : পাতা ২২৬ -২৩৮ |
| 650 ## - SUBJECT ADDED ENTRY--TOPICAL TERM | |
| Topical term or geographic name as entry element | বাংলা কবিতা |
| General subdivision | ইতিহাস ও সমালোচনা |
| 9 (RLIN) | 243258 |
| Chronological subdivision | ১৩০০-১৮০০ খ্রিষ্টাব্দ |
| Topical term or geographic name as entry element | Bengali Poetry |
| General subdivision | History and Criticism |
| 9 (RLIN) | 243259 |
| Chronological subdivision | 1300-1800 A. D. |
| 651 ## - SUBJECT ADDED ENTRY--GEOGRAPHIC NAME | |
| Geographic name | ভারত |
| Geographic subdivision | বঙ্গ |
| General subdivision | ইতিহাস |
| Chronological subdivision | ১৩০০-১৮০০ খ্রিষ্টাব্দ |
| 9 (RLIN) | 243260 |
| Geographic name | India |
| Geographic subdivision | Bengal |
| General subdivision | History |
| Chronological subdivision | 1300-1800 A. D. |
| 9 (RLIN) | 243261 |
| 700 ## - ADDED ENTRY--PERSONAL NAME | |
| Personal name | হোসেন, শাহানারা, গবেষণা তত্বাবধায়ক |
| 942 ## - ADDED ENTRY ELEMENTS (KOHA) | |
| Source of classification or shelving scheme | Dewey Decimal Classification |
| Koha item type | Theses |
| Lost status | Source of classification or shelving scheme | Damaged status | Not for loan | Collection code | Permanent Location | Current Location | Shelving location | Date acquired | Source of acquisition | Total Checkouts | Full call number | Date last seen | Copy number | Koha item type |
|---|---|---|---|---|---|---|---|---|---|---|---|---|---|---|
| Dewey Decimal Classification | Not For Loan | Theses | Central Library, University of Rajshahi | Central Library, University of Rajshahi | Documentation Section | 11/11/1990 | Controller of Exam., R.U. | BTHE 954.14 KHM 1989 | 31/12/2020 | C-1 | Theses |